| 000 | 00898nam0a2200277 i 4500 | ||
|---|---|---|---|
| 001 | RU\NLR\bibl\2001558 | ||
| 005 | 20240723090456.0 | ||
| 010 |
_a9785227041258 _93000 |
||
| 021 |
_aRU _b2013-7292 _9525 |
||
| 035 | _a(NLR Aleph) 001990282 | ||
| 090 |
_a4215092 _c4215092 |
||
| 100 | _a20130216d2012 u y0rusy50 ca | ||
| 101 | 1 |
_arus _ceng |
|
| 102 | _aRU | ||
| 105 | _ay ||||||||| | ||
| 200 | 1 |
_aНикольски _eроман _e[для возрастной категории 16+] _fНиколас Дикнер _g[пер. с англ. Л.А. Игоревского] |
|
| 210 |
_aМосква _cЦентрполиграф _d2012 |
||
| 215 |
_a250, [2] с. _d18 |
||
| 225 | 1 | _aFiction | |
| 686 | _aШ6(7К)167-4{Лх1960-18} | ||
| 700 | 1 |
_aДикнер _bН. _gНиколас _4070 |
|
| 801 | 0 |
_aRU _bNLR _c20130216 _gRCR |
|
| 801 | 1 |
_aRU _bNLR _c20130216 |
|
| 942 | _cBOOK | ||
| 980 | _aNBR | ||